000 00374nam a2200145Ia 4500
008 240624s9999 xx 000 0 und d
041 _aeng
082 _a658.3 PAR
100 _aPAREEK UDAI
245 _aTRAINING INSTRUMENTS IN HRD AND OD
250 _a(3rd ed.)
260 _c2011
_aNew Delhi
_bTata McGraw-Hill
300 _axv, : 843 : p. : cm. ; 25
365 _cRS
_b30
999 _c19415
_d19415